Statistics for Flights That Were Involved in 9/11

Click here to take the quiz!

General Stats

  • This quiz has been taken 105 times
    (97 since last reset)
  • The average score is 3 of 5

Answer Stats

SightFlightDead(On Plane)Dead(On Ground)Total Deaths% Correct
North Tower of the World Trade CenterAmerican Airlines Flight 119216001692
94%
A Field near Diamond T. MineUnited Airlines Flight 9344044
81%
The PentagonAmerican Airlines Flight 7764125189
75%
South Tower of the World Trade CenterUnited Airlines Flight 17565900965
75%
Cleveland Hopkins International AirportDelta Air Lines Flight 1989000
10%

Score Distribution

Percentile by Number Answered

Percent of People with Each Score

Your Score History

You have not taken this quiz since the last reset